| 000 | 00486nam a2200181Ia 4500 | ||
|---|---|---|---|
| 001 | 1267 | ||
| 005 | 20260306140619.0 | ||
| 008 | 260306t2011||||xx |||||||||||||| ||spa|| | ||
| 041 | _aESP | ||
| 082 |
_a190 _bM12 |
||
| 100 |
_aMacIntyre, Alasdair _eAUT |
||
| 245 | 0 |
_aGod, philosophy universities: _ba selective history of the catholic philosophical tradition |
|
| 260 | _c2011 | ||
| 300 |
_avi, 192 páginas : _c23 cm. |
||
| 650 | _aGEN | ||
| 654 | _aCHU | ||
| 942 |
_cLIB _dJUS _fJUS _2ddc _n |
||
| 999 |
_c1267 _d1267 |
||